000 00499nam a2200133Ia 4500
005 20260209120136.0
008 260209s9999||||xx |||||||||||||| ||und||
100 _aSeema Meena
245 0 _aIntellectual property rights (patent) competition law controlling abuse or abusive control
260 _aBangaloreBangalore
_bNLSIU
_c2015
300 _a103 p. ; 25 cm.
700 _aProf. (Dr.) T Ramakrishna - GuideProf. (Dr.) T Ramakrishna - Guide
856 _uhttps://dans.nls.ac.in/handle/123456789/1725
999 _c217229
_d217229